01148 2200361 4500001002100000005001500021035002000036007000300056008004100059020002200100082001600122084001800138100003200156245012400188250003500312300002500347500001100372500005600383650002800439700003100467700003500498504003300533264003300566336002100599337003000620338002300650040002200673090002200695850001200717999002200729041001300751990002200764INLIS00000000086810920220218021222 a0010-0222000576ta220218s2021 yoi g | ind d a978-623-6166-71-004223a121.686 a121.686 ZIM h1 aZimmermann, JensePengarang10aHermeneutika :bsebuah pengantar singkat /cJens Zimmermann; penerjemah, Leonart Maruli; penyunting, Muhammad Ali Fakih aCetakan Pertama, Desember 2021 a244 halaman ;c20 cm aindeks aJudul asli: Hermeneutics: A Very Short Introduction 4aInterpretasi (Filsafat)0 aLeonart MaruliePenyunting0 aMuhammad Ali FakihePenyunting aBibliografi: halaman 227-23731aYogyakarta :bIRCisoD,c2021 2rdacontentateks 2rdamediaatanpa perantara 2rdacarrieravolume aYOPDYOGbinderda aCB-D.11 2021-1708 aYOPDYOG aCB-D.11/2021-17081 aindheng aCB-D.11/2021-1708